01009nam a22002297a 45000010005000000030006000050050017000110080041000280200018000690400029000870820011001161000020001272450115001472600034002623000058002965050007003545200304003615210028006655210018006936500036007117000032007478872FISKH20251024121407.0251024b cb ||||| |||| 00| 0 eng d a9781405234610 aFISKHbengcFISKHdFISKH a823.92 aAwdry, Rev. W.  aThomas & Friends: bBulstrode /cCreate by Christopher Awdry ; illustrations by Robin Davies and Jerry Smith  aNew York : bEgmont, c1996.  a32 unnumbered pages : bcolor illustrations ; c14 cm aH  aThis is an exciting new Thomas the Tank Engine series. 50 books will be published over five years, each story featuring a different engine. At pocket money prices, children will be able to collect the entire set. Voucher schemes, multi-buy offers and collector's packs will encourage collectability.8 a430 bLexile estimate 8 aH bRaz-Plus  aSteam EnginesvChildren's Books aSmith, Jerry eillustrator